Normal view
MARC view
Entry Personal Name
001 - CONTROL NUMBER
- control field: 8070
003 - CONTROL NUMBER IDENTIFIER
- control field: OSt
005 - DATE AND TIME OF LATEST TRANSACTION
- control field: 20211028144342.0
008 - FIXED-LENGTH DATA ELEMENTS
- fixed length control field: 211028|| aca||aabn | a|a d
040 ## - CATALOGING SOURCE
- Original cataloging agency: OSt
- Transcribing agency: OSt
100 ## - HEADING--PERSONAL NAME
- Personal name: Aranha, Lareesha Shainy; Harinakshi.
- Miscellaneous information: 1716092
670 ## - SOURCE DATA FOUND
- Source citation: Work cat.: (OSt): Aranha, Lareesha Shainy; Harinakshi. 1716092, Study on the employee performance appraisal at Mandovi Motors Pvt Ltd., 2019